000 00653nam a2200205 a 4500
001 57372
003 BD-RjUL
005 20211209080512.0
008 161208b xxu||||| |||| 00| 0 eng d
035 _a(BD-RjUL) 57496
040 _aBD-RjUL
_beng
_cBD-RjUL
041 _aeng
082 _223
_a297.282
_bABW 1833
100 1 0 _aGeiger, Abraham
_9170399
245 1 0 _aWas hat Mohammed aus dem Judenthume aufgenommen :
_b Eine von der Königl. Preussischen Rheinuniversität gekrönte Preisschrift /
260 _aBonn :
_b F. Baaden,
_c1833
300 _av, 215 p. :
_bill. ;
_c 21 cm
650 _aIslam --relations ---Judaism
_9170400
942 _2ddc
_cBK
999 _c57372
_d57372